Procesy integrácie v Latinskej Amerike po skončení studenej vojny

Rozvíjanie nového regionalizmu v Latinskej Amerike a rozšírenie integrácie z ekonomických oblastí aj na politické, bezpečnostné, sociálne, kultúrne a iné. Návrhy projektov, ktoré sa snažia integráciu preĺbiť.

Salvato in:
Dettagli Bibliografici
Autore principale: Šabo, Marián
Natura: Capitolo di libro
Lingua:slovacco
Soggetti:
Tags: Aggiungi Tag
Nessun Tag, puoi essere il primo ad aggiungerne!!

MARC

LEADER 00000naa a2200000 4500
001 0137163
005 20240502072533.0
041 0 |a slo 
044 |a SK 
245 1 0 |a Procesy integrácie v Latinskej Amerike po skončení studenej vojny  |c Marián Šabo 
520 |a Rozvíjanie nového regionalizmu v Latinskej Amerike a rozšírenie integrácie z ekonomických oblastí aj na politické, bezpečnostné, sociálne, kultúrne a iné. Návrhy projektov, ktoré sa snažia integráciu preĺbiť. 
610 2 0 |a Latinská Amerika 
610 2 0 |a integrácia ekonomická 
610 2 0 |a rozvoj hospodársky 
610 2 0 |a vzťahy bilaterálne 
610 2 0 |a spolupráca medzinárodná 
610 2 0 |a vzťahy politické medzinárodné 
610 2 0 |a politika svetová 
100 1 |a Šabo, Marián